[Event "CZE-ch U12"]
[Site "Kouty nad Desnou"]
[Date "2009.03.11"]
[Round "6"]
[White "Suchomel, Jiri"]
[Black "Suchomel, Tomas"]
[Result "1/2-1/2"]
[WhiteElo "1449"]
[BlackElo "1587"]
[PlyCount "53"]
[EventDate "2009.03.07"]
[EventType "swiss"]
[EventRounds "9"]
[EventCountry "CZE"]
[SourceTitle "EXT 2011"]
[Source "ChessBase"]
[SourceDate "2010.11.26"]
[SourceVersion "1"]
[SourceVersionDate "2010.11.26"]
[SourceQuality "1"]

1. e4 e5 2. Nf3 Nc6 3. Bc4 Bc5 4. c3 Nf6 5. d3 d6 6. Bg5 Na5 7. Bxf7+ Kxf7 8. b4 Bxf2+ 9. Kxf2 Nc6 10. Rf1 Be6 11. Kg1 Rf8 12. Nh4 Kg8 13. Nf5 Qe8 14. Ng3 Qg6 15. Bh4 Ng4 16. Qe2 Rxf1+ 17. Nxf1 Rf8 18. Nbd2 Qh5 19. Bg3 Qh6 20. h3 Nf6 21. Qe3 Qxe3+ 22. Nxe3 Nh5 23. Bh2 Ne7 24. d4 Ng6 25. d5 Bd7 26. Nf3 Nhf4 27. Kf2 1/2-1/2